Giáo trình thực tập kỹ thuật thực phẩm 1 : (NN202)

Giáo trình đề cập đến các quá trình truyền và cơ học lưu chất được áp dụng trong điều khiển quá trình bảo quản cũng như trong chế biến thực phẩm

Đã lưu trong:
書目詳細資料
主要作者: Trần, Thị Thanh Trúc
格式: 圖書
語言:Undetermined
出版: Cần Thơ Trường Đại học Cần Thơ 2009
主題:
標簽: 添加標簽
沒有標簽, 成為第一個標記此記錄!
Thư viện lưu trữ: Trung tâm Học liệu Trường Đại học Cần Thơ
LEADER 01106nam a2200217Ia 4500
001 CTU_155510
008 210402s9999 xx 000 0 und d
082 |a 664.07 
082 |b Tr506/T.1 
100 |a Trần, Thị Thanh Trúc 
245 0 |a Giáo trình thực tập kỹ thuật thực phẩm 1 : 
245 0 |b (NN202) 
245 0 |c Trần Thị Thanh Trúc (chủ biên)...[ et al. ] 
260 |a Cần Thơ 
260 |b Trường Đại học Cần Thơ 
260 |c 2009 
520 |a Giáo trình đề cập đến các quá trình truyền và cơ học lưu chất được áp dụng trong điều khiển quá trình bảo quản cũng như trong chế biến thực phẩm 
650 |a Biochemical engineering,Food,Food Technology,Công nghệ hóa sinh,Thực phẩm,Thực phẩm 
650 |x Equipment and supplies,Biotechnology,Dụng cụ và sự cung cấp,Công nghệ sinh học,Công nghệ sinh học 
904 |i Năm 
980 |a Trung tâm Học liệu Trường Đại học Cần Thơ